Statistics for Buddhist Six Perfections

Click here to take the quiz!

General Stats

  • This quiz has been taken 3 times
  • The average score is 3 of 6

Answer Stats

SanskritAnswer% Correct
Ksanti ParamitaPatience
100%
Dana ParamitaGenerosity
67%
Sila ParamitaMorality
33%
Virya ParamitaEnergy
33%
Dhyana ParamitaConcentration
33%
Prajna ParamitaWisdom
33%

Score Distribution

Percentile by Number Answered

Percent of People with Each Score

Your Score History

You have not taken this quiz